000 02341nam0a2200313 4500
001 RU\NLR\bibl\1856601
005 20260408061930.0
021 _aRU
_b2011-101360
_97258
035 _a(NLR Aleph) 001846528
090 _a2343740
_c2343740
100 _a20120116d2011 |||y0rusy50 ca
101 0 _arus
102 _aRU
105 _aa |||||||||
200 1 _aТехнология конструкционных материалов
_eучебное пособие
_eдля студентов, обучающихся по специальностям: 190303.65 "Электрический транспорт железных дорог", 190302.65 "Вагоны" вузов региона
_fФедер. агентство ж.-д. трансп., Федер. гос. бюджет. образоват. учреждение высш. проф. образования "Иркут. гос. ун-т путей сообщ.", Забайкал. ин-т ж.-д. трансп. - фил. Федер. гос. бюджет. образоват. учреждения высш. проф. образования "Иркут. гос. ун-т путей сообщ.", Каф. "Вагоны и вагон. хоз-во"
_g[Астафьев А.С. и др.]
210 _aЧита
_cЗабайкальский институт железнодорожного транспорта
_d2011
215 _a111 с.
_cил.
_d21
320 _aБиблиогр.: с. 110-111 (45 назв.)
606 1 _aКонструкционные металлы
_jУчебные издания для высших учебных заведений
_xОбработка
_92224514
_3RU\NLR\auth\661335504
606 1 _aМашиностроение
_jУчебные издания для высших учебных заведений
_xТехнологические процессы
_9947635
_3RU\NLR\auth\66351664
686 _aК5я73-1
702 1 _aАстафьев
_bА. С.
_gАндрей Сергеевич
_4220
712 0 2 _4570
_aЗабайкальский институт железнодорожного транспорта
_cЧита
_bКафедра "Вагоны и вагонное хозяйство"
_3RU\NLR\AUTH\8810206630
_9300743
801 0 _aRU
_bNLR
_c20120116
_gRCR
801 1 _aRU
_bNLR
_c20120116
942 _cBOOK
980 _aNB
980 _aNBR